[Event "North American-ch U08"]
[Site "Montreal"]
[Date "2010.08.18"]
[Round "6"]
[White "Liao, Jun Kai"]
[Black "Chen, Kelvin"]
[Result "0-1"]
[WhiteElo "331"]
[BlackElo "632"]
[PlyCount "94"]
[EventDate "2010.08.16"]
[EventType "swiss"]
[EventRounds "7"]
[EventCountry "CAN"]
[SourceTitle "EXT 2013"]
[Source "ChessBase"]
[SourceDate "2012.11.22"]
[SourceVersion "1"]
[SourceVersionDate "2012.11.22"]
[SourceQuality "1"]

1. e4 e5 2. Nf3 Nc6 3. Bc4 Nf6 4. 0-0 Bb4 5. d3 0-0 6. Bg5 Qe8 7. Bxf7+ Qxf7 8. d4 exd4 9. Nxd4 Be7 10. Nxc6 bxc6 11. e5 Nd5 12. Bxe7 Qxe7 13. Nc3 Nxc3 14. bxc3 Qxe5 15. Rb1 Ba6 16. Re1 Qd6 17. Qc1 Qf6 18. Rb3 Qxf2+ 19. Kh1 Qf4 20. Qd1 Qf5 21. Rb4 Rae8 22. Rf1 Qe6 23. Rxf8+ Kxf8 24. Rf4+ Kg8 25. h3 Qe1+ 26. Qxe1 Rxe1+ 27. Kh2 Rf1 28. h4 Rxf4 29. Kg3 Rc4 30. h5 Rxc3+ 31. Kg4 h6 32. Kf4 Rxc2 33. g4 g5+ 34. hxg6 Kg7 35. Kf5 Rxa2 36. g5 hxg5 37. Kxg5 c5 38. Kf5 c4 39. Ke4 c3 40. Ke3 c2 41. Kd2 Bd3 42. Kc1 Ra1+ 43. Kb2 c1Q+ 44. Kb3 Rb1+ 45. Ka4 Qc2+ 46. Ka3 Qb2+ 47. Ka4 Qa2# 0-1